<?xml version="1.0" encoding="UTF-8"?>
<collection xmlns="http://www.loc.gov/MARC21/slim">
 <record>
  <leader>05770nam a2200397 a 4500</leader>
  <controlfield tag="001">kal1840</controlfield>
  <controlfield tag="003">Gr-AtHEAL</controlfield>
  <controlfield tag="005">20160427114319.0</controlfield>
  <controlfield tag="006">m        d        </controlfield>
  <controlfield tag="008">160413s2015    gr      s           gre|c</controlfield>
  <datafield tag="020" ind1=" " ind2=" ">
   <subfield code="a">9789606032950</subfield>
  </datafield>
  <datafield tag="040" ind1=" " ind2=" ">
   <subfield code="a">GR-AtHEAL</subfield>
   <subfield code="b">gre</subfield>
   <subfield code="c">GR-AtHEAL</subfield>
  </datafield>
  <datafield tag="082" ind1="0" ind2="4">
   <subfield code="a">621.367</subfield>
   <subfield code="2">23</subfield>
  </datafield>
  <datafield tag="100" ind1="1" ind2=" ">
   <subfield code="a">Περάκης, Κωνσταντίνος.</subfield>
   <subfield code="8">1834</subfield>
  </datafield>
  <datafield tag="245" ind1="1" ind2="2">
   <subfield code="a">Η τηλεπισκόπηση σε 13 ενότητες</subfield>
   <subfield code="h">[Ηλεκτρονικός πόρος] </subfield>
   <subfield code="b">Θεωρία, μέθοδοι και εφαρμογές</subfield>
   <subfield code="c">Φαρασλής, Ιωάννης ; Περάκης, Κωνσταντίνος ; Μωυσιάδης, Αθανάσιος ; Κριτικός αναγνώστης,Παρχαρίδης, Ισαάκ ; Τεχνική επιμέλεια,Μωυσιάδης, Αθανάσιος.</subfield>
  </datafield>
  <datafield tag="260" ind1=" " ind2=" ">
   <subfield code="a">Αθήνα :</subfield>
   <subfield code="b">Σύνδεσμος Ελληνικών Ακαδημαϊκών Βιβλιοθηκών,</subfield>
   <subfield code="c">c2015.</subfield>
  </datafield>
  <datafield tag="490" ind1=" " ind2=" ">
   <subfield code="a">Ακαδημαϊκά Ηλεκτρονικά Συγγράμματα και Βοηθήματα Κάλλιπος</subfield>
   <subfield code="8">40</subfield>
  </datafield>
  <datafield tag="520" ind1=" " ind2=" ">
   <subfield code="a">Το σύγγραμα έχει ως στόχο την εισαγωγή και εμβάθυνση, στο πλαίσιο ενός διδακτικού εξαμήνου, σε μεθόδους και εφαρμογές φωτοερμηνείας, μέσα από την επεξεργασία αεροφωτογραφιών καθώς και της δορυφορικής τηλεπισκόπησης. Στα πρώτα κεφάλαια αναπτύσσονται οι βασικές έννοιες πάνω στην επεξεργασία αεροφωτογραφιών και η χρησιμότητά τους στις διαφορετικές επιστήμες. Στη συνέχεια παρουσιάζεται η επιστήμη της δορυφορικής τηλεπισκόπησης. Πιο συγκεκριμένα αναλύονται τα υφιστάμενα δορυφορικά συστήματα, ενώ ακολουθεί επισταμένη παρουσίαση των βημάτων που απαιτούνται για την επεξεργασία των δορυφορικών δεδομένων. Σ'αυτό το πλαίσιο παρουσιάζονται λεπτομερώς: - Τα γεωμετρικά σφάλματα των εικόνων και οι διαδικασίες διόρθωσής τους (γεωμετρική διόρθωση, ορθοαναγωγή).- Οι ραδιομετρικές και ατμοσφαιρικές διορθώσεις των εικόνων.- Οι μεθοδολογίες ενίσχυσης/βελτίωσης των εικόνων μέσα από: Τα ιστογράμματα, τους μετασχηματισμούς πολυφασματικών εικόνων, τη χωρική ενίσχυση με φίλτρα και τη σύμπτυξη εικόνων (Image fussion).- Η ταξινόμηση των εικόνων. Παρουσιάζονται οι φασματικές υπογραφές, καθώς και οι τεχνικές/μέθοδοι επιβλεπόμενης και μη επιβλεπόμενης ταξινόμησης. Ειδική αναφορά γίνεται στις νέες εξελιγμένες μεθόδους ταξινόμησης, όπως η ταξινόμηση με τεχνική νοημοσύνη (Artificial intelligence), η ταξινόμηση με νευρωνικά δίκτυα(neural networks), η αντικειμενοστραφής (Object oriented) ταξινόμηση κ.ά.- Οι ακρίβειες ταξινομήσεων και οι μεθοδολογίες που απαιτούνται για την στατιστικά τεκμηριωμένη αξιολόγηση των αποτελεσμάτωνΤέλος παρουσιάζονται οι νέες τάσεις πάνω στην τηλεπισκόπηση με την εμφάνιση δορυφορικών δεδομένων πολύ υψηλής ανάλυσης (Very High Resolution Data) καθώς η λήψη εικόνων με χρήση μη επανδρωμένων πτητικών μέσων (UAV- unmanned aerial vehicle).</subfield>
  </datafield>
  <datafield tag="650" ind1=" " ind2="0">
   <subfield code="a">Remote-sensing images</subfield>
   <subfield code="8">2676</subfield>
  </datafield>
  <datafield tag="650" ind1=" " ind2="0">
   <subfield code="a">Image processing </subfield>
   <subfield code="x">Digital techniques</subfield>
   <subfield code="8">2677</subfield>
  </datafield>
  <datafield tag="653" ind1=" " ind2=" ">
   <subfield code="a">Στατιστική ανάλυση δεδομένων</subfield>
  </datafield>
  <datafield tag="653" ind1=" " ind2=" ">
   <subfield code="a">Ψηφιακή επεξεργασία εικόνας</subfield>
  </datafield>
  <datafield tag="653" ind1=" " ind2=" ">
   <subfield code="a">Φωτοερμηνεία</subfield>
  </datafield>
  <datafield tag="653" ind1=" " ind2=" ">
   <subfield code="a">Τηλεπισκόπηση</subfield>
  </datafield>
  <datafield tag="653" ind1=" " ind2=" ">
   <subfield code="a">Μαθηματικά</subfield>
   <subfield code="a">Στατιστική</subfield>
   <subfield code="a">Θεωρία δειγματοληψίας</subfield>
  </datafield>
  <datafield tag="653" ind1=" " ind2=" ">
   <subfield code="a">Μαθηματικά</subfield>
   <subfield code="a">Θεωρία πιθανοτήτων και στοχαστικές διαδικασίες</subfield>
   <subfield code="a">Στοχαστική ανάλυση</subfield>
  </datafield>
  <datafield tag="653" ind1=" " ind2=" ">
   <subfield code="a">Μαθηματικά</subfield>
   <subfield code="a">Στατιστική</subfield>
  </datafield>
  <datafield tag="653" ind1=" " ind2=" ">
   <subfield code="a">Τεχνολογία και επιστήμες μηχανικών</subfield>
   <subfield code="a">Επιστήμες αγρονόμου-τοπογράφου μηχανικού</subfield>
   <subfield code="a">Φωτοερμηνεία - τηλεπισκόπηση</subfield>
  </datafield>
  <datafield tag="700" ind1="1" ind2=" ">
   <subfield code="a">Φαρασλής, Ιωάννης Ν.</subfield>
   <subfield code="e">Συγγραφέας</subfield>
   <subfield code="8">1831</subfield>
  </datafield>
  <datafield tag="700" ind1="1" ind2=" ">
   <subfield code="a">Μωυσιάδης, Αθανάσιος</subfield>
   <subfield code="e">Συγγραφέας</subfield>
   <subfield code="8">1832</subfield>
  </datafield>
  <datafield tag="700" ind1="1" ind2=" ">
   <subfield code="a">Παρχαρίδης, Ισαάκ</subfield>
   <subfield code="e">Κριτικός αναγνώστης</subfield>
   <subfield code="8">1833</subfield>
  </datafield>
  <datafield tag="856" ind1="4" ind2="0">
   <subfield code="u">http://hdl.handle.net/11419/1840</subfield>
   <subfield code="z">Πλήρες Κείμενο - Full text</subfield>
  </datafield>
  <datafield tag="907" ind1=" " ind2=" ">
   <subfield code="a">.b25678243</subfield>
   <subfield code="b">12-06-18</subfield>
   <subfield code="c">29-07-16</subfield>
  </datafield>
  <datafield tag="949" ind1=" " ind2=" ">
   <subfield code="0">0</subfield>
   <subfield code="1">0</subfield>
   <subfield code="2">ddc</subfield>
   <subfield code="4">0</subfield>
   <subfield code="6">621_367000000000000_ΠΕΡ</subfield>
   <subfield code="7">0</subfield>
   <subfield code="8">KALL</subfield>
   <subfield code="8">583</subfield>
   <subfield code="d">2016-04-13</subfield>
   <subfield code="r">2016-04-13</subfield>
   <subfield code="w">2016-04-13</subfield>
   <subfield code="z">621.367 ΠΕΡ</subfield>
   <subfield code="o">SEAB KALLIPOS</subfield>
  </datafield>
  <datafield tag="998" ind1=" " ind2=" ">
   <subfield code="a">80</subfield>
   <subfield code="a">01</subfield>
   <subfield code="a">02</subfield>
   <subfield code="a">03</subfield>
   <subfield code="a">04</subfield>
   <subfield code="a">05</subfield>
   <subfield code="a">06</subfield>
   <subfield code="a">07</subfield>
   <subfield code="a">08</subfield>
   <subfield code="a">09</subfield>
   <subfield code="a">10</subfield>
   <subfield code="a">11</subfield>
   <subfield code="a">12</subfield>
   <subfield code="a">13</subfield>
   <subfield code="a">14</subfield>
   <subfield code="a">15</subfield>
   <subfield code="a">16</subfield>
   <subfield code="a">17</subfield>
   <subfield code="a">18</subfield>
   <subfield code="a">19</subfield>
   <subfield code="a">20</subfield>
   <subfield code="a">21</subfield>
   <subfield code="a">22</subfield>
   <subfield code="a">23</subfield>
   <subfield code="a">24</subfield>
   <subfield code="a">25</subfield>
   <subfield code="a">26</subfield>
   <subfield code="b">11-05-17</subfield>
   <subfield code="c">m</subfield>
   <subfield code="d">z  </subfield>
   <subfield code="e">-</subfield>
   <subfield code="f">gre</subfield>
   <subfield code="g">gr </subfield>
   <subfield code="h">2</subfield>
  </datafield>
  <datafield tag="942" ind1=" " ind2=" ">
   <subfield code="2">ddc</subfield>
   <subfield code="c">KALLIPOS</subfield>
  </datafield>
 </record>
</collection>
